000 00304nam a22001337a 4500
008 170815b xxu||||| |||| 00| 0 eng d
020 _a9780764584671
041 _aeng
080 _a51
100 _a36
101 _aMAT
245 _aALGEBRA WORKBOOK FOR DUMMIES
_cSTERLING.M.J
942 _2udc
_cBK
999 _c23604
_d23604